000 00901nam a22002297i 4500
999 _c23168
_d23168
003 AR-CdUCM
008 250120b20162016 pe||||| |||| 00| 0 spa d
040 _aMUNICIPALIDAD PROVINCIAL DEL CUSCO
_cBIBLIOTECA MUNICIPAL DEL CUSCO
041 _hspa
082 _a985.61 / R63C / t.1
_bR63C / t.1
_22016
100 _aRíos Zamalloa, Jorge
_92949
245 _aCrítica de la Historia Andina /
260 _aCusco :
_bEditorial Wamanpuma
_c2016
300 _a157 páginas. :
_c20x15 cm.
505 _aLa insurrección de 1814 -- El libertador Mateo García (Pumaqhawa) -- Los Hermanos Angulo -- El movimiento de los criollos por la emancipación de las colonias latinoamericanas -- La guerra del pacífico
650 _aHermanos Angulo
_93833
650 _aPumaqhuwa
_950927
650 _aCriollos
_948377
650 _aGuerra del pacifico
_950928
942 _2ddc
_cLIBROS
945 _apbjr
_d20-01-2025